Rice and man : Agricultural ecology in southeast Asia
Part 1. Bang chan and the cultivation of rice; Part 2. Adaptations to a changing environment;...
Đã lưu trong:
| Tác giả chính: | |
|---|---|
| Định dạng: | Sách |
| Ngôn ngữ: | Undetermined |
| Được phát hành: |
Chicago
Aldine·Atherton
1972
|
| Những chủ đề: | |
| Các nhãn: |
Thêm thẻ
Không có thẻ, Là người đầu tiên thẻ bản ghi này!
|
| Thư viện lưu trữ: | Trung tâm Học liệu Trường Đại học Cần Thơ |
|---|
| LEADER | 00724nam a2200217Ia 4500 | ||
|---|---|---|---|
| 001 | CTU_226573 | ||
| 008 | 210402s9999 xx 000 0 und d | ||
| 082 | |a 301 | ||
| 082 | |b H241 | ||
| 100 | |a Hanks, Lucien M. | ||
| 245 | 0 | |a Rice and man : | |
| 245 | 0 | |b Agricultural ecology in southeast Asia | |
| 245 | 0 | |c Lucien M. Hanks. | |
| 260 | |a Chicago | ||
| 260 | |b Aldine·Atherton | ||
| 260 | |c 1972 | ||
| 520 | |a Part 1. Bang chan and the cultivation of rice; Part 2. Adaptations to a changing environment;... | ||
| 650 | |a Sinh thái nông nghiệp,Agricultural ecology,Agricultural ecology | ||
| 650 | |z Thái Lan,Thailand,Thailand | ||
| 910 | |b nthai | ||
| 980 | |a Trung tâm Học liệu Trường Đại học Cần Thơ | ||